000
00197nam a2200097Ia 4500
008
240331s9999 xx 000 0 und d
082
_b
JEY
100
_a
Jeya M
245
0
_a
Mudhal suvadu
942
_c
L
999
_c
3714
_d
3714